000
00282nam a22001097a 4500
008
160425b xxu||||| |||| 00| 0 eng d
020
_a
9781416023227
041
_a
eng
080
_a
618.2
245
_a
Medical surgical nursing:
_c
Susan Nickell Behmke; Sharon Souter;
942
_2
udc
_c
BK
999
_c
1571
_d
1571